LEADER 00737nam a2200193 i 4500 001 000000246174 003 CaOOAMICUS 005 20151027000000.0 008 151027s1878 xx u000 u fre u 013 $a225079 040 $aSeMil$bita 245 10$aDu 10 septembre au 2 octobre. 250 $a7. édition, revue, corrigée et considérablement augmentée. 300 $a656, IX p. 773 0 $aGuérin, Paul <1830-1908>$tPetits Bollandistes.$dParis : Bloud & Barral, 1872-1880.$g11$w()32738 850 $aSeMil 852 $aSeMil$W1$xVenegono$y1$m3J VI 96 FA$j196520$B196520$CSeMilBibl$Z2$F207286 $8I 961 $aOmaggio: Biblioteca Seminario Duomo 996 $6245$aDu 10 septembre au 2 octobre$9(OLS)http://semarc/title/347897 LEADER 00880nam a2200205 i 4500 001 000000197660 003 CaOOAMICUS 005 20110218000000.0 008 110218n it u000 u ita u 013 $a176347 040 $aSeMil$bita 245 10$aAl seguito di Gesù sulla via della Croce :$bMeditando : La Via Crucis considerata nelle sue molteplici luci. 260 $aMilano :$bGhirlanda,$c[1944] 300 $a62 p. ;$c15 cm. 650 4$aVia Crucis - Meditazioni.$0(OLS)http://semarc/subject/10367 850 $aSeMil 852 $aSeMil$W1$xVenegono$y1$m5D VIII 11/31$j148216$B148216$CSeMilBibl$Z2$F159638 $81 961 $aOmaggio: Altro 996 $6245$aAl seguito di Gesù sulla via della Croce :$bMeditando : La Via Crucis considerata nelle sue molteplici luci$9(OLS)http://semarc/title/285439 996 $6260$aMilano :$bGhirlanda$9(OLS)http://semarc/publisher/33445